Đọc vị bất kỳ ai : Để không bị lừa dối và lợi dụng = You can read anymore: Never be fooled, lied to, or taken advantage of again
Nội dung chỉ ra từng bước rõ ràng để bạn nhận biết ai đó đang nghĩ và cảm thấy thế nào trong những tình huống thực tế của cuộc sống.
Gespeichert in:
| 1. Verfasser: | |
|---|---|
| Format: | Buch |
| Sprache: | Undetermined |
| Veröffentlicht: |
Hà Nội
Lao động
2020
|
| Schlagworte: | |
| Tags: |
Tag hinzufügen
Keine Tags, Fügen Sie den ersten Tag hinzu!
|
| Thư viện lưu trữ: | Trung tâm Học liệu Trường Đại học Cần Thơ |
|---|
| LEADER | 01058nam a2200229Ia 4500 | ||
|---|---|---|---|
| 001 | CTU_238066 | ||
| 008 | 210402s9999 xx 000 0 und d | ||
| 020 | |c 79000 | ||
| 082 | |a 153.6 | ||
| 082 | |b L716 | ||
| 100 | |a Lieberman, David J. | ||
| 245 | 0 | |a Đọc vị bất kỳ ai : | |
| 245 | 0 | |b Để không bị lừa dối và lợi dụng = You can read anymore: Never be fooled, lied to, or taken advantage of again | |
| 245 | 0 | |c David J. Lieberman ; Quỳnh Lê (dịch) ; Trần Vũ Nhân (Hiệu đính) | |
| 260 | |a Hà Nội | ||
| 260 | |b Lao động | ||
| 260 | |c 2020 | ||
| 520 | |a Nội dung chỉ ra từng bước rõ ràng để bạn nhận biết ai đó đang nghĩ và cảm thấy thế nào trong những tình huống thực tế của cuộc sống. | ||
| 650 | |a Giao tiếp cá nhân,Interpersonal communication | ||
| 650 | |x Lịch sử và phê bình,History and criticism | ||
| 910 | |i Hải | ||
| 980 | |a Trung tâm Học liệu Trường Đại học Cần Thơ | ||